Optimizing the automatic prediction of conversion to mild cognitive impairment using machine learning algorithms.

Saved in:
Bibliographic Details
Main Author: Partl, Adam (Author)
Other Authors: Billichová, Martina (Thesis advisor)
Format: Manuscript Book
Language:Slovak
English
Published: 2025
Subjects:
Online Access:http://is.stuba.sk/zp/portal_zp.pl?podrobnosti=169018
Tags: Add Tag
No Tags, Be the first to tag this record!

MARC

LEADER 00000ntm a22000003a 4500
001 stuzp102824
003 SK-STU
005 20250614211508.5
007 ta
008 150427s2015----xo-----f-mn---000-0-slo-d
040 |a STU  |b slo 
041 0 |a eng 
100 1 |a Partl, Adam  |u 070200  |4 aut  |U FIIT Fakulta informatiky a informačných technológií  |T FIIT Ústav informatiky, informačných systémov a softvérového inžinierstva  |X 116268  |U I200  |Y 179  |7 116268 
242 0 1 |a Optimalizácia automatickej predikcie prechodu do miernej kognitívnej poruchy pomocou strojového učenia  |y slo 
245 1 0 |a Optimizing the automatic prediction of conversion to mild cognitive impairment using machine learning algorithms. 
260 |c 2025 
650 4 |a Machine learning  |2 eng 
650 4 |a Gradient boosting  |2 eng 
650 4 |a Alzheimer's disease  |2 eng 
650 4 |a Classification  |2 eng 
650 4 |a Mild cognitive impairment (MCI)  |2 eng 
650 4 |a Alzheimerova choroba  |2 slo 
650 4 |a Mierna kognitívna porucha  |2 slo 
650 4 |a Gradientné posilňovanie  |2 slo 
650 4 |a Strojové učenie  |2 slo 
650 4 |a Klasifikácia  |2 slo 
700 1 |a Billichová, Martina  |u 070200  |k Z3  |4 ths  |U FIIT Fakulta informatiky a informačných technológií  |T FIIT Ústav informatiky, informačných systémov a softvérového inžinierstva  |X 99019  |U I200  |Y 179  |7 99019 
856 4 |u http://is.stuba.sk/zp/portal_zp.pl?podrobnosti=169018